| 000 | 00000nam##2200000za#4500 |
| 001 | 9.581224 |
| 003 | CaOODSP |
| 005 | 20210624191421 |
| 007 | cr ||||||||||| |
| 008 | 150406|2015||||xxc|||||o f|0| 0 eng|d |
| 020 | |a978-1-100-25385-5 |
| 040 | |aCaOODSP|beng |
| 043 | |an-cn--- |
| 086 | 1 |aCS89-652/2015-1E-PDF |
| 245 | 00|aVolunteering and charitable giving in Canada / |h[electronic resource]|cby Martin Turcotte. |
| 260 | |aOttawa - Ontario : |bStatistics Canada |cRelease date: January 30, 2015. |
| 300 | |a18p.|bgraphs, references, tables |
| 490 | 1 |aSpotlight on Canadians - results from the General Social Survey|vNo. 1 |
| 590 | |a15-05|b2015-01-30 |
| 690 | 07|aCharitable donations|2gcpds |
| 690 | 07|aVolunteer work|2gcpds |
| 710 | 2 |aStatistics Canada. |
| 775 | 08|tLe bénévolat and les dons de bienfaisance au Canada / |w(CaOODSP)9.608054 |
| 830 | #0|aSpotlight on Canadians - results from the General Social Survey ;|vNo. 1|w(CaOODSP)9.507668 |
| 856 | 40|ahttp://publications.gc.ca|qPDF|s543 KB|uhttps://publications.gc.ca/collections/collection_2015/statcan/89-652-x/89-652-x2015001-eng.pdf|yNo. 1 |